Statistics for US Cities That End In A

Click here to take the quiz!

General Stats

  • This quiz has been taken 76 times
  • The average score is 22 of 127

Answer Stats

Population City % Correct
420,003Atlanta, GA
87%
1,526,006Philadelphia, PA
85%
335,709Tampa, FL
81%
408,958Omaha, NE
74%
391,906Tulsa, OK
65%
195,844Augusta, GA
59%
382,368Wichita, KS
59%
324,528Santa Ana, CA
59%
439,041Mesa, AZ
59%
34,681Columbia, TN
50%
108,500Columbia, MO
50%
129,272Columbia, SC
50%
198,397Tacoma, WA
46%
116,468Santa Clara, CA
46%
197,899Aurora, IL
44%
325,078Aurora, CO
44%
46,478Olympia, WA
43%
88,410Santa Barbara, CA
43%
28,190Helena, MT
41%
47,723Alexandria, LA
37%
147,391Alexandria, VA
37%
127,473Topeka, KS
37%
176,320Santa Clarita, CA
35%
149,043Pasadena, TX
31%
137,122Pasadena, CA
31%
167,674Chattanooga, TN
31%
89,736Santa Monica, CA
28%
66,788Missoula, MT
28%
243,916Chula Vista, CA
26%
51,923Pensacola, FL
26%
93,064Yuma, AZ
26%
62,235Utica, NY
26%
154,065Peoria, AZ
24%
115,007Peoria, IL
24%
90,468Tuscaloosa, AL
24%
29,919Texarkana, AR
22%
37,679Texarkana, TX
22%
30,014Ithaca, NY
22%
76,915Napa, CA
20%
99,218Kenosha, WI
20%
106,433Arvada, CO
20%
167,815Santa Rosa, CA
19%
56,315Ocala, FL
19%
51,917Sarasota, FL
19%
31,731Walla Walla, WA
17%
81,557Nampa, ID
17%
86,494Nashua, NH
17%
56,579Marietta, GA
15%
29,926Saratoga, CA
15%
91,067Yakima, WA
15%
99,553Santa Maria, CA
13%
46,320Altoona, PA
13%
27,191Eureka, CA
13%
149,058Pomona, CA
13%
81,601Parma, OH
11%
196,069Fontana, CA
11%
118,918Odessa, TX
11%
106,433Ventura, CA
11%
152,374Corona, CA
11%
54,518Valdosta, GA
9%
124,442Visalia, CA
9%
165,269Rancho Cucamonga, CA
9%
62,592Victoria, TX
9%
38,771Lima, OH
9%
71,741Gastonia, NC
9%
109,960Costa Mesa, CA
9%
49,734Minnetonka, MN
7%
41,250Urbana, IL
7%
47,707Salina, KS
7%
73,812Alameda, CA
7%
58,829Gardena, CA
7%
83,089Alhambra, CA
6%
57,941Petaluma, CA
6%
54,533Elyria, OH
6%
26,678Medina, OH
6%
100,097Temecula, CA
6%
96,942Livonia, MI
6%
29,200Elmira, NY
6%
93,834Vista, CA
6%
27,592Winona, MN
6%
70,718Waukesha, WI
6%
85,182Deltona, FL
6%
36,590Monrovia, CA
4%
25,719Xenia,OH
4%
61,416Madera, CA
4%
47,796Covina, CA
4%
50,533Placentia, CA
4%
106,098West Covina, CA
4%
90,173Hesperia, CA
4%
67,096Manteca, CA
4%
64,234Yorba Linda, CA
4%
60,239La Habra, CA
4%
57,065La Mesa, CA
4%
56,364Arcadia, CA
4%
25,023Ottumwa, IA
4%
48,527La Mirada, CA
4%
48,252Mishawaka, IN
4%
33,727Houma, LA
2%
50,073Glendora, CA
2%
25,599Owatonna, MN
2%
47,941Edina, MN
2%
26,045Batavia, IL
2%
26,461Belle Vista, GA
2%
26,477Opelika, AL
2%
103,466Murrieta, CA
2%
26,997Benicia, CA
2%
48,190Lenexa, KS
2%
64,776Rancho Cordova, CA
2%
29,321Santa Paula, CA
2%
29,888Goleta, CA
2%
62,942Pico Rivera, CA
2%
43,888Sierra Vista, AZ
2%
30,617New Iberia, LA
2%
43,482Maricopa, AZ
2%
47,853Rancho Santa Margarita, CA
2%
51,367Yucaipa, CA
2%
51,271Smyrna, GA
2%
37,234Pacifica, CA
2%
41,542Apopka, FL
2%
40,704Coachella, CA
0%
46,361Azusa, CA
0%
33,248Gahanna, OH
0%
46,396Wauwatosa, WI
0%
35,177Chelsea, MA
0%
35,762Aventura, FL
0%
37,467La Quinta, CA
0%
39,282Brea, CA
0%

Score Distribution

Percentile by Number Answered

Percent of People with Each Score

Your Score History

You have not taken this quiz